Saffron regime : (Record no. 146855)

MARC details
000 -LEADER
fixed length control field 00613nam a22001937a 4500
005 - DATE AND TIME OF LATEST TRANSACTION
control field 20171026123735.0
010 ## - LCCN (DPL NO)
LC control number ENG-120941
020 ## - INTERNATIONAL STANDARD BOOK NUMBER
Terms of availability 550.00
International Standard Book Number 978817541086
035 ## - SYSTEM CONTROL NUMBER
System control number EN-104473
037 ## - SOURCE OF ACQUISITION
Source of stock number/acquisition DBAD/PUB
082 ## - DEWEY DECIMAL CLASSIFICATION NUMBER
Classification number 320.550954
100 ## - MAIN ENTRY--PERSONAL NAME
Personal name Barik,R.K.
245 ## - TITLE STATEMENT
Title Saffron regime :
Statement of responsibility, etc by R.K. Barik
Remainder of title ideology liberal intelligentsia and fear/
260 ## - PUBLICATION, DISTRIBUTION, ETC. (IMPRINT)
Place of publication, distribution, etc Delhi
Name of publisher, distributor, etc Shipra
Date of publication, distribution, etc 2012
270 ## - ADDRESS
Address H. O. LG 18-19,Pankaj Central Market, Patparganj
City Delhi
Postal code 110092
300 ## - PHYSICAL DESCRIPTION
Extent x,186p.
Dimensions 23cm(Hb)
500 ## - GENERAL NOTE
General note Includes bibliographical references
942 ## - ADDED ENTRY ELEMENTS (KOHA)
Source of classification or shelving scheme Dewey Decimal Classification
Item type English Books
Classification part 320.550954
Call number suffix BAR
Holdings
Withdrawn status Lost status Not for loan Collection code Home library Current library Date acquired Source of acquisition Cost, normal purchase price Full call number Barcode Copy number Cost, replacement price Koha item type
    Not For Loan Non-fiction D.B.Act.Division Bawana 26/10/2017 DBAD/PUB 550.00 320.550954 BAR EN-104473 1 550.00 English Books

© Delhi Public Library
Hit Counter
free hit counter